<?xml version="1.0" encoding="UTF-8"?>
<record
    xmlns:xsi="http://www.w3.org/2001/XMLSchema-instance"
    xsi:schemaLocation="http://www.loc.gov/MARC21/slim http://www.loc.gov/standards/marcxml/schema/MARC21slim.xsd"
    xmlns="http://www.loc.gov/MARC21/slim">

  <leader>00935nam a22002417a 4500</leader>
  <datafield tag="999" ind1=" " ind2=" ">
    <subfield code="c">80392</subfield>
    <subfield code="d">317669</subfield>
  </datafield>
  <controlfield tag="003">OSt</controlfield>
  <controlfield tag="005">20220625160057.0</controlfield>
  <controlfield tag="008">220625b2016    jo ||||g |||| 00| 0 ara d</controlfield>
  <datafield tag="020" ind1=" " ind2=" ">
    <subfield code="a">9789957603557</subfield>
  </datafield>
  <datafield tag="040" ind1=" " ind2=" ">
    <subfield code="a">Ma-Un</subfield>
    <subfield code="c">Ma-Un</subfield>
  </datafield>
  <datafield tag="082" ind1=" " ind2=" ">
    <subfield code="2">21</subfield>
    <subfield code="a">658.4012</subfield>
    <subfield code="b">&#x633; &#x645; &#x625;</subfield>
  </datafield>
  <datafield tag="100" ind1=" " ind2=" ">
    <subfield code="a">&#x633;&#x639;&#x64A;&#x62F;&#x60C; &#x645;&#x62D;&#x645;&#x62F; &#x646;&#x645;&#x631;.</subfield>
    <subfield code="9">92298</subfield>
  </datafield>
  <datafield tag="245" ind1=" " ind2=" ">
    <subfield code="a">&#x627;&#x644;&#x625;&#x62F;&#x627;&#x631;&#x629; &#x628;&#x627;&#x644;&#x623;&#x647;&#x62F;&#x627;&#x641; &#x648;&#x62A;&#x642;&#x64A;&#x64A;&#x645; &#x627;&#x644;&#x623;&#x62F;&#x627;&#x621; &#x627;&#x644;&#x625;&#x62F;&#x627;&#x631;&#x64A; /</subfield>
    <subfield code="c"> &#x645;&#x62D;&#x645;&#x62F; &#x646;&#x645;&#x631; &#x633;&#x639;&#x64A;&#x62F;.</subfield>
  </datafield>
  <datafield tag="250" ind1=" " ind2=" ">
    <subfield code="a">&#x637;. 1.</subfield>
  </datafield>
  <datafield tag="260" ind1=" " ind2=" ">
    <subfield code="a">&#x639;&#x645;&#x627;&#x646;&#x60C; &#x627;&#x644;&#x623;&#x631;&#x62F;&#x646; : </subfield>
    <subfield code="b">&#x62F;&#x627;&#x631; &#x627;&#x644;&#x645;&#x633;&#x62A;&#x634;&#x627;&#x631;&#x648;&#x646; &#x644;&#x644;&#x646;&#x634;&#x631; &#x648;&#x627;&#x644;&#x62A;&#x648;&#x632;&#x64A;&#x639;&#x60C; </subfield>
    <subfield code="c">2016</subfield>
    <subfield code="m">1437</subfield>
  </datafield>
  <datafield tag="300" ind1=" " ind2=" ">
    <subfield code="a">200 &#x635;. : </subfield>
    <subfield code="b">&#x627;&#x64A;&#x636;. &#x61B; </subfield>
    <subfield code="c">24 &#x633;&#x645;.</subfield>
  </datafield>
  <datafield tag="504" ind1=" " ind2=" ">
    <subfield code="a">&#x64A;&#x634;&#x62A;&#x645;&#x644; &#x639;&#x644;&#x649; &#x642;&#x627;&#x626;&#x645;&#x629; &#x628;&#x628;&#x644;&#x64A;&#x648;&#x62C;&#x631;&#x627;&#x641;&#x64A;&#x629;.</subfield>
  </datafield>
  <datafield tag="650" ind1=" " ind2=" ">
    <subfield code="a">&#x627;&#x644;&#x625;&#x62F;&#x627;&#x631;&#x629; &#x628;&#x627;&#x644;&#x623;&#x647;&#x62F;&#x627;&#x641;.</subfield>
    <subfield code="9">92299</subfield>
  </datafield>
  <datafield tag="650" ind1=" " ind2=" ">
    <subfield code="a">&#x627;&#x644;&#x625;&#x62F;&#x627;&#x631;&#x629; &#x627;&#x644;&#x627;&#x633;&#x62A;&#x631;&#x627;&#x62A;&#x64A;&#x62C;&#x64A;&#x629;.</subfield>
    <subfield code="9">92300</subfield>
  </datafield>
  <datafield tag="650" ind1=" " ind2=" ">
    <subfield code="a">&#x627;&#x644;&#x62A;&#x62E;&#x637;&#x64A;&#x637; &#x627;&#x644;&#x625;&#x62F;&#x627;&#x631;&#x64A;.</subfield>
    <subfield code="9">92301</subfield>
  </datafield>
  <datafield tag="650" ind1=" " ind2=" ">
    <subfield code="a">&#x627;&#x644;&#x642;&#x64A;&#x627;&#x62F;&#x629; &#x627;&#x644;&#x625;&#x62F;&#x627;&#x631;&#x64A;&#x629;.</subfield>
    <subfield code="9">92302</subfield>
  </datafield>
  <datafield tag="942" ind1=" " ind2=" ">
    <subfield code="2">ddc</subfield>
    <subfield code="c">BOOK</subfield>
  </datafield>
  <datafield tag="952" ind1=" " ind2=" ">
    <subfield code="1">0</subfield>
    <subfield code="2">2022-06-25</subfield>
    <subfield code="4">0</subfield>
    <subfield code="7">1</subfield>
    <subfield code="U">2022-06-25</subfield>
    <subfield code="a">658.4012 &#x633; &#x645; &#x625;</subfield>
    <subfield code="d">2022-06-25</subfield>
    <subfield code="h">CL</subfield>
    <subfield code="i">00176145</subfield>
    <subfield code="m">CL</subfield>
    <subfield code="r">2022-06-25 00:00:00</subfield>
    <subfield code="t">BOOK</subfield>
    <subfield code="w">ddc</subfield>
    <subfield code="y">0</subfield>
  </datafield>
  <datafield tag="952" ind1=" " ind2=" ">
    <subfield code="1">0</subfield>
    <subfield code="2">2022-06-25</subfield>
    <subfield code="4">0</subfield>
    <subfield code="7">0</subfield>
    <subfield code="U">2022-06-25</subfield>
    <subfield code="a">658.4012 &#x633; &#x645; &#x625;</subfield>
    <subfield code="d">2022-06-25</subfield>
    <subfield code="h">CL</subfield>
    <subfield code="i">00176146</subfield>
    <subfield code="m">CL</subfield>
    <subfield code="r">2022-06-25 00:00:00</subfield>
    <subfield code="t">BOOK</subfield>
    <subfield code="w">ddc</subfield>
    <subfield code="y">0</subfield>
  </datafield>
  <datafield tag="952" ind1=" " ind2=" ">
    <subfield code="1">0</subfield>
    <subfield code="2">2022-06-25</subfield>
    <subfield code="4">0</subfield>
    <subfield code="7">0</subfield>
    <subfield code="U">2022-06-25</subfield>
    <subfield code="a">658.4012 &#x633; &#x645; &#x625;</subfield>
    <subfield code="d">2022-06-25</subfield>
    <subfield code="h">CL</subfield>
    <subfield code="i">00176147</subfield>
    <subfield code="m">CL</subfield>
    <subfield code="r">2022-06-25 00:00:00</subfield>
    <subfield code="t">BOOK</subfield>
    <subfield code="w">ddc</subfield>
    <subfield code="y">0</subfield>
  </datafield>
  <datafield tag="952" ind1=" " ind2=" ">
    <subfield code="1">0</subfield>
    <subfield code="2">2022-06-25</subfield>
    <subfield code="4">0</subfield>
    <subfield code="7">1</subfield>
    <subfield code="U">2022-06-25</subfield>
    <subfield code="a">658.4012 &#x633; &#x645; &#x625;</subfield>
    <subfield code="d">2022-06-25</subfield>
    <subfield code="h">IC</subfield>
    <subfield code="i">00176148</subfield>
    <subfield code="m">IC</subfield>
    <subfield code="r">2022-06-25 00:00:00</subfield>
    <subfield code="t">BOOK</subfield>
    <subfield code="w">ddc</subfield>
    <subfield code="y">0</subfield>
  </datafield>
  <datafield tag="952" ind1=" " ind2=" ">
    <subfield code="1">0</subfield>
    <subfield code="2">2022-06-25</subfield>
    <subfield code="4">0</subfield>
    <subfield code="7">0</subfield>
    <subfield code="U">2022-06-25</subfield>
    <subfield code="a">658.4012 &#x633; &#x645; &#x625;</subfield>
    <subfield code="d">2022-06-25</subfield>
    <subfield code="h">IC</subfield>
    <subfield code="i">00176149</subfield>
    <subfield code="m">IC</subfield>
    <subfield code="r">2022-06-25 00:00:00</subfield>
    <subfield code="t">BOOK</subfield>
    <subfield code="w">ddc</subfield>
    <subfield code="y">0</subfield>
  </datafield>
  <datafield tag="952" ind1=" " ind2=" ">
    <subfield code="1">0</subfield>
    <subfield code="2">2022-06-25</subfield>
    <subfield code="4">0</subfield>
    <subfield code="7">1</subfield>
    <subfield code="U">2022-06-25</subfield>
    <subfield code="a">658.4012 &#x633; &#x645; &#x625;</subfield>
    <subfield code="d">2022-06-25</subfield>
    <subfield code="h">IC</subfield>
    <subfield code="i">00176150</subfield>
    <subfield code="m">IC</subfield>
    <subfield code="r">2022-06-25 00:00:00</subfield>
    <subfield code="t">BOOK</subfield>
    <subfield code="w">ddc</subfield>
    <subfield code="y">0</subfield>
  </datafield>
  <datafield tag="952" ind1=" " ind2=" ">
    <subfield code="1">0</subfield>
    <subfield code="2">2022-06-25</subfield>
    <subfield code="4">0</subfield>
    <subfield code="7">0</subfield>
    <subfield code="U">2022-06-25</subfield>
    <subfield code="a">658.4012 &#x633; &#x645; &#x625;</subfield>
    <subfield code="d">2022-06-25</subfield>
    <subfield code="h">IC</subfield>
    <subfield code="i">00176151</subfield>
    <subfield code="m">IC</subfield>
    <subfield code="r">2022-06-25 00:00:00</subfield>
    <subfield code="t">BOOK</subfield>
    <subfield code="w">ddc</subfield>
    <subfield code="y">0</subfield>
  </datafield>
  <datafield tag="952" ind1=" " ind2=" ">
    <subfield code="1">0</subfield>
    <subfield code="2">2022-06-25</subfield>
    <subfield code="4">0</subfield>
    <subfield code="7">1</subfield>
    <subfield code="U">2022-06-25</subfield>
    <subfield code="a">658.4012 &#x633; &#x645; &#x625;</subfield>
    <subfield code="d">2022-06-25</subfield>
    <subfield code="h">SRF</subfield>
    <subfield code="i">00176152</subfield>
    <subfield code="m">SRF</subfield>
    <subfield code="r">2022-06-25 00:00:00</subfield>
    <subfield code="t">BOOK</subfield>
    <subfield code="w">ddc</subfield>
    <subfield code="y">0</subfield>
  </datafield>
  <datafield tag="952" ind1=" " ind2=" ">
    <subfield code="1">0</subfield>
    <subfield code="2">2022-06-25</subfield>
    <subfield code="4">0</subfield>
    <subfield code="7">0</subfield>
    <subfield code="U">2022-06-25</subfield>
    <subfield code="a">658.4012 &#x633; &#x645; &#x625;</subfield>
    <subfield code="d">2022-06-25</subfield>
    <subfield code="h">SRF</subfield>
    <subfield code="i">00176153</subfield>
    <subfield code="m">SRF</subfield>
    <subfield code="r">2022-06-25 00:00:00</subfield>
    <subfield code="t">BOOK</subfield>
    <subfield code="w">ddc</subfield>
    <subfield code="y">0</subfield>
  </datafield>
  <datafield tag="952" ind1=" " ind2=" ">
    <subfield code="1">0</subfield>
    <subfield code="2">2022-06-25</subfield>
    <subfield code="4">0</subfield>
    <subfield code="7">1</subfield>
    <subfield code="U">2022-06-25</subfield>
    <subfield code="a">658.4012 &#x633; &#x645; &#x625;</subfield>
    <subfield code="d">2022-06-25</subfield>
    <subfield code="h">SRM</subfield>
    <subfield code="i">00176154</subfield>
    <subfield code="m">SRM</subfield>
    <subfield code="r">2022-06-25 00:00:00</subfield>
    <subfield code="t">BOOK</subfield>
    <subfield code="w">ddc</subfield>
    <subfield code="y">0</subfield>
  </datafield>
  <datafield tag="952" ind1=" " ind2=" ">
    <subfield code="1">0</subfield>
    <subfield code="2">2022-06-25</subfield>
    <subfield code="4">0</subfield>
    <subfield code="7">0</subfield>
    <subfield code="U">2022-06-25</subfield>
    <subfield code="a">658.4012 &#x633; &#x645; &#x625;</subfield>
    <subfield code="d">2022-06-25</subfield>
    <subfield code="h">SRM</subfield>
    <subfield code="i">00176155</subfield>
    <subfield code="m">SRM</subfield>
    <subfield code="r">2022-06-25 00:00:00</subfield>
    <subfield code="t">BOOK</subfield>
    <subfield code="w">ddc</subfield>
    <subfield code="y">0</subfield>
  </datafield>
  <datafield tag="952" ind1=" " ind2=" ">
    <subfield code="1">0</subfield>
    <subfield code="2">2022-06-25</subfield>
    <subfield code="4">0</subfield>
    <subfield code="7">1</subfield>
    <subfield code="U">2022-06-25</subfield>
    <subfield code="a">658.4012 &#x633; &#x645; &#x625;</subfield>
    <subfield code="d">2022-06-25</subfield>
    <subfield code="h">IC</subfield>
    <subfield code="i">00176156</subfield>
    <subfield code="m">IC</subfield>
    <subfield code="r">2022-06-25 00:00:00</subfield>
    <subfield code="t">BOOK</subfield>
    <subfield code="w">ddc</subfield>
    <subfield code="y">0</subfield>
  </datafield>
  <datafield tag="952" ind1=" " ind2=" ">
    <subfield code="1">0</subfield>
    <subfield code="2">2022-06-25</subfield>
    <subfield code="4">0</subfield>
    <subfield code="7">0</subfield>
    <subfield code="U">2022-06-25</subfield>
    <subfield code="a">658.4012 &#x633; &#x645; &#x625;</subfield>
    <subfield code="d">2022-06-25</subfield>
    <subfield code="h">IC</subfield>
    <subfield code="i">00176157</subfield>
    <subfield code="m">IC</subfield>
    <subfield code="r">2022-06-25 00:00:00</subfield>
    <subfield code="t">BOOK</subfield>
    <subfield code="w">ddc</subfield>
    <subfield code="y">0</subfield>
  </datafield>
  <datafield tag="952" ind1=" " ind2=" ">
    <subfield code="1">0</subfield>
    <subfield code="2">2022-06-25</subfield>
    <subfield code="4">0</subfield>
    <subfield code="7">1</subfield>
    <subfield code="U">2022-06-25</subfield>
    <subfield code="a">658.4012 &#x633; &#x645; &#x625;</subfield>
    <subfield code="d">2022-06-25</subfield>
    <subfield code="h">IC</subfield>
    <subfield code="i">00176158</subfield>
    <subfield code="m">IC</subfield>
    <subfield code="r">2022-06-25 00:00:00</subfield>
    <subfield code="t">BOOK</subfield>
    <subfield code="w">ddc</subfield>
    <subfield code="y">0</subfield>
  </datafield>
  <datafield tag="952" ind1=" " ind2=" ">
    <subfield code="1">0</subfield>
    <subfield code="2">2022-06-25</subfield>
    <subfield code="4">0</subfield>
    <subfield code="7">0</subfield>
    <subfield code="U">2022-06-25</subfield>
    <subfield code="a">658.4012 &#x633; &#x645; &#x625;</subfield>
    <subfield code="d">2022-06-25</subfield>
    <subfield code="h">IC</subfield>
    <subfield code="i">00176159</subfield>
    <subfield code="m">IC</subfield>
    <subfield code="r">2022-06-25 00:00:00</subfield>
    <subfield code="t">BOOK</subfield>
    <subfield code="w">ddc</subfield>
    <subfield code="y">0</subfield>
  </datafield>
  <datafield tag="952" ind1=" " ind2=" ">
    <subfield code="1">0</subfield>
    <subfield code="2">2022-06-25</subfield>
    <subfield code="4">0</subfield>
    <subfield code="7">1</subfield>
    <subfield code="U">2022-06-25</subfield>
    <subfield code="a">658.4012 &#x633; &#x645; &#x625;</subfield>
    <subfield code="d">2022-06-25</subfield>
    <subfield code="h">SZM</subfield>
    <subfield code="i">00176160</subfield>
    <subfield code="m">SZM</subfield>
    <subfield code="r">2022-06-25 00:00:00</subfield>
    <subfield code="t">BOOK</subfield>
    <subfield code="w">ddc</subfield>
    <subfield code="y">0</subfield>
  </datafield>
  <datafield tag="952" ind1=" " ind2=" ">
    <subfield code="1">0</subfield>
    <subfield code="2">2022-06-25</subfield>
    <subfield code="4">0</subfield>
    <subfield code="7">0</subfield>
    <subfield code="U">2022-06-25</subfield>
    <subfield code="a">658.4012 &#x633; &#x645; &#x625;</subfield>
    <subfield code="d">2022-06-25</subfield>
    <subfield code="h">SZM</subfield>
    <subfield code="i">00176161</subfield>
    <subfield code="m">SZM</subfield>
    <subfield code="r">2022-06-25 00:00:00</subfield>
    <subfield code="t">BOOK</subfield>
    <subfield code="w">ddc</subfield>
    <subfield code="y">0</subfield>
  </datafield>
</record>
